00301nam a2200121Ia 4500008004100000041000800041082001600049100002000065245003800085260002500123300002400148365000700172240624s9999 xx 000 0 und d aeng a658.314 NIS aRICHARD NISBETT aMINDWARE TOOLS FOR SMART THINKING c2015aIndiabPenguin a320 : p. : cm. ; 22 cRS